| 000 | 00936nam a2200217Ia 4500 | ||
|---|---|---|---|
| 003 | GCL | ||
| 008 | 140319s9999 xx 000 0 ara d | ||
| 020 | _a0614701977 | ||
| 040 |
_aGCL / _cGCL |
||
| 082 | 0 | 4 |
_aق _b305.5695308 _bم ط |
| 100 | 1 | _aمحاسن محمد الوقاد | |
| 245 | 1 | 0 |
_aالطبقات الشعبية فى القاهرة المملوكية ( 648 - 923 هـ - 1250 - 1517 م ) / _cمحاسن محمد الوقاد |
| 260 |
_aالقاهرة : _bالهيئة المصرية العامة للكتاب ، _c1999 |
||
| 300 |
_a315 ص ؛ _c22 سم |
||
| 490 |
_aتاريخ المصريين _v152 |
||
| 650 | 0 | 4 | _aمصر - تاريخ - عصر المماليك ( 1250-1517 م ) |
| 650 | 0 | 4 | _aالطبقات الاجتماعية - مصر - عصر المماليك |
| 650 | 0 | 4 | _aالبناء الاجتماعى - مصر |
| 650 | 0 | 4 | _aالعادات والتقاليد - العصر المملوكى |
| 942 |
_2ddc _cBK |
||
| 999 |
_c44651 _d44651 |
||